| 000 | 00452nab a2200145Ia 4500 | ||
|---|---|---|---|
| 003 | ES-SlBCS | ||
| 005 | 20210601125216.0 | ||
| 008 | 140529s1972 xxu||||| |||| 00| 0 eng d | ||
| 041 | _aeng | ||
| 100 | 1 |
_aOscanyan, Frederick S. _9139256 |
|
| 245 | 0 | 0 |
_aOn Six Definitions of the Sophist: 221C-231E _c Frederick S. Oscanyan |
| 650 | 0 | 4 |
_aSofistas _9119604 |
| 773 | 0 |
_tPhilosophical Forum (The) _gvol. 4, nº. 2, 1972, págs. 241-259 _wRev833 |
|
| 942 | _cAR | ||
| 999 |
_c526514 _d526514 |
||